|
|
|
|
| LEADER |
00000nam a2200000 a 4500 |
| 001 |
vtls001330593 |
| 003 |
SK-MaSNL |
| 005 |
20260301005715.0 |
| 008 |
251113s1989 xr 0 cze |
| 020 |
|
|
|a 800300165X
|
| 035 |
|
|
|a SNK000283461
|
| 040 |
|
|
|a SNK
|b slo
|c SNK
|e AACR2
|
| 041 |
0 |
|
|a cze
|
| 044 |
|
|
|a CZ
|
| 080 |
|
|
|a 728.3:69
|2 1981
|
| 100 |
1 |
|
|a Měšťan, Radomír
|4 aut
|9 10796
|
| 245 |
1 |
0 |
|a Stavba svépomocí
|c Radomír Měšťan
|
| 250 |
|
|
|a 3. nezm. vyd.
|
| 260 |
|
|
|a Praha
|b Státní nakladatelství technické literatury
|c 1989
|
| 300 |
|
|
|a 465, [1] s.
|c 8°
|
| 490 |
1 |
|
|a Polytechnická knižnice. 3. řada, Udělejte si sami
|v sv. 62
|
| 650 |
0 |
7 |
|a domy rodinné
|x stavba svojpomocná
|x príručky
|2 SNK
|9 290427
|
| 830 |
|
0 |
|a Polytechnická knižnice. Udělejte si sami
|9 290428
|
| 919 |
|
|
|a 80-03-00165-X
|
| 958 |
|
|
|a RK
|
| 958 |
|
|
|a OND
|
| 999 |
|
|
|c 545985
|d 547915
|
| 952 |
|
|
|t P60, <04>, [BOOK], {604}
|a SNK
|b SNK
|y VYP
|7 0
|o snkIC 113989
|i snkKIP 971/90
|0 0
|1 0
|4 0
|d 1998-05-12
|l 0
|r 2005-01-02 00:00:00
|w 2026-02-23
|
| 952 |
|
|
|t P60, <04>, [BOOK], {604}
|a SNK
|b SNK
|y VYP
|7 0
|o snkIC 113989 D1
|i snkKIP 972/90
|0 0
|1 0
|4 0
|d 1998-05-12
|l 0
|r 2005-01-02 00:00:00
|w 2026-02-23
|
| 952 |
|
|
|t P60, <04>, [BOOK], {604}
|a SNK
|b SNK
|y VYP
|7 0
|p 17A0162890
|o snkIC 113989 D1
|0 0
|1 1
|4 0
|d 1998-09-29
|l 0
|r 2005-01-02 00:00:00
|w 2026-02-23
|
| 952 |
|
|
|t P60, <04>, [BOOK], {604}
|a SNK
|b SNK
|y VYP
|7 0
|p 17A0166178
|o snkIC 113989
|0 0
|1 0
|4 0
|d 1998-10-19
|l 0
|r 2005-01-02 00:00:00
|w 2026-02-23
|